000 00598nam a2200229Ia 4500
003 OSt
005 20221007071218.0
006 a|||||r|||| 00| 0
007 ta
008 221006b |||||||| |||| 00| 0 eng d
024 _a13,748
037 _cTextual
040 _aFLL
_cFLL
_beng
041 _2eng
_aeng
082 _aW:28, k1
100 _aMacmahon Arthur W. Au.
_9688347
245 0 _aDelegation and autonomy
260 _aLondon
_bAsia Pub. London
_c1961
300 _a176p
_ccm.
942 _hW:28, k1
_cTEXL
_2CC
999 _c1142785
_d1142785